Landmarks of Türkiye with Picture - Statistics

General Stats
  • This quiz has been taken 59 times
  • The average score is 12 of 20
Answer Stats
Picture Answer % Correct
Anıtkabir
83%
Hagia Sophia
81%
Maiden's Tower
79%
Pamukkale
79%
Grand Bazaar
77%
Cappadocia
71%
Ephesus
69%
Cisterna Basilica
67%
Blue Mosque
63%
Dolmabahçe Palace
63%
Galata Tower
60%
Mount Nemrut
60%
Sumela Monastery
60%
Göbeklitepe
58%
Balıklıgöl
56%
Selimiye Mosque
52%
Safranbolu
38%
Ortaköy Mosque
29%
Theatre of Aspendos
29%
Zeugma
27%
No matching quizzes found
Score Distribution
Percent of People with Each Score
Percentile by Number Answered
Your Score History
You have not taken this quiz